000 00372nam a2200145Ia 4500
008 230917s9999||||xx |||||||||||||| ||und||
040 _e127506
_aMAIN
041 _aEnglish
082 _a070.1 B95M
100 _aBurton, Graeme
245 0 _aMedia and society: Critical perspectives
260 _aNew Delhi
_bRawat Publications
_c2009
300 _a378 p.
942 _cBK
999 _c148308
_d148308